_Certificate Chemistry(4th ed.) (Record no. 6100)
[ view plain ]
| 000 -LEADER | |
|---|---|
| fixed length control field | 00353nam a2200133Ia 4500 |
| 008 - FIXED-LENGTH DATA ELEMENTS--GENERAL INFORMATION | |
| fixed length control field | 151021s9999 xx 000 0 und d |
| 020 ## - INTERNATIONAL STANDARD BOOK NUMBER | |
| International Standard Book Number | 582331358 |
| 050 ## - LIBRARY OF CONGRESS CALL NUMBER | |
| Classification number | QD33.A832007 |
| 245 ## - TITLE STATEMENT | |
| Title | _Certificate Chemistry(4th ed.) |
| 260 ## - PUBLICATION, DISTRIBUTION, ETC. (IMPRINT) | |
| Place of publication, distribution, etc. | Egland Longman 2007 |
| 300 ## - PHYSICAL DESCRIPTION | |
| Extent | iv,363p;ill. |
| 500 ## - GENERAL NOTE | |
| General note | includes index |
| 980 ## - EQUIVALENCE OR CROSS-REFERENCE-SERIES STATEMENT--PERSONAL NAME/TITLE [LOCAL, CANADA] | |
| Personal name | ^d20110118 09:45:48^okorir |
No items available.